Open Data Biblioteca Nacional de Portugal


República Portuguesa: Ministério da Cultura
Biblioteca Nacional de Portugal

Catálogo da BNP: acesso por Identificadores Unívocos
Registos Bibliográficos associados ao registo de autoridade

Etiqueta de registo: 00000nkm 2200025 450
001 2259776
003 http://id.bnportugal.gov.pt/bib/catbnp/2259776
100 ## $a20260203d1991 m y0pory01030103ba
101 0# $apor
102 ## $aPT
200 1# $aIII Certame Internacional de Tunas Universitárias, Tivoli, 14 dez.$bVisual gráfico]$gdesign Nuno Fragoso
210 #9 $a[S.l.$cs.n.]$d1991
215 ## $a1 cartaz$ccolor.$d59,7x41,9 cm
317 ## $aColeção Madeira Luís
675 ## $a766(=1:469)"199"(084.5)$vBN$zpor$3589138
702 #1 $aFragoso,$bNuno$4410$31775195
710 02 $9Certame Internacional de Tunas Universitárias$a3$eLisboa$f1991$31993984
801 #0 $aPT$bBN$gRPC
966 ## $lBN$mICONOG$sCT. 19349 A.$x3
971 ## $cCaticonografia3$d20260203
995 ## $aPRR2026 $d20260203$iCaticonografia3

OpendataBNP@bnportugal.pt | Mais informação sobre acesso aos dados BNP